| 000 | 00511nam a2200181Ia 4500 | ||
|---|---|---|---|
| 999 |
_c27957 _d27957 |
||
| 003 | OSt | ||
| 005 | 20210108142435.0 | ||
| 008 | 190216s9999||||xx |||||||||||||| ||und|| | ||
| 020 | _a9788126400355 | ||
| 040 | _coclc | ||
| 082 |
_a894.812301 _bJAY/P |
||
| 100 |
_aJayaraj, U P _98267 |
||
| 245 | 0 |
_aOkkinavayile Pathivrathakal / _cU P Jayaraj |
|
| 260 |
_bDc Books, _aKottayam: _c2000. |
||
| 300 | _a131p | ||
| 650 | _aKathakal | ||
| 942 |
_cBK _2ddc _h894.812301 _iJAY/O _k894.812301 _mJAY/O |
||